UK Mushrooms - Common Names - Statistics

General Stats
  • This quiz has been taken 40 times
  • The average score is 7 of 48
Answer Stats
Picture Answer % Correct
Fly Agaric
68%
Liberty Cap
55%
Giant Puffball
50%
Chicken of the Woods
45%
Death Cap
41%
Field Mushroom
36%
Turkeytail
32%
Oyster Mushroom
27%
Parasol
27%
Shaggy Inkcap
27%
Shaggy Parasol
27%
Earthstar
23%
Penny Bun
23%
Scarlet Elf Cup
23%
Sulphur Tuft
23%
Amethyst Deceiver
18%
Artist's Bracket
18%
Horse Mushroom
18%
Destroying Angel
14%
Hen of the Woods
14%
Honey Fungus
14%
Panther Cap
14%
The Prince
14%
Beefsteak Fungus
9%
Birch Polypore
9%
Common Puffball
9%
Dryad's Saddle
9%
Wood Blewit
9%
Deceiver
5%
Fairy Ring Champignon
5%
Pavement Mushroom
5%
Velvet Shank
5%
Angel's Wings
0%
Bay Bolete
0%
Blusher
0%
Blushing Bracket
0%
Clustered Domecap
0%
Common Inkcap
0%
Common Rustgill
0%
Field Blewit
0%
Hoof Fungus
0%
Larch Bolete
0%
Oak Mazegill
0%
Red Cracking Bolete
0%
Rooting Bolete
0%
St. George's Mushroom
0%
Weeping Widow
0%
Yellow Stagshorn
0%
No matching quizzes found
Score Distribution
Percent of People with Each Score
Percentile by Number Answered
Your Score History
You have not taken this quiz